Sports Quiz

Random Sports or Football Quiz

2011 College Football All-Americans Quiz Stats

 Plays Quiz not verified by Sporcle

Challenge
Share
Tweet
Embed
Score 0/27 Timer 07:00
0 Plays Today
Position Player % Correct
QBRobert Griffin
100%
RBTrent Richardson
99.4%
WRJustin Blackmon
96.2%
RBMontee Ball
94.2%
CBTyrann Mathieu
77.6%
APSammy Watkins
74.4%
WRRobert Woods
73.7%
LBDont'a Hightower
64.7%
OTMatt Kalil
63.5%
CBMorris Claiborne
61.5%
LBLuke Kuechly
60.9%
SMark Barron
60.3%
LBJarvis Jones
47.4%
TEDwayne Allen
46.2%
Position Player % Correct
DEMelvin Ingram
46.2%
PBrad Wing
45.5%
DTDevon Still
44.9%
OGDavid DeCastro
44.2%
DTJerel Worthy
42.9%
OTBarrett Jones
41%
DEWhitney Mercilus
38.5%
SBaccari Rambo
28.8%
PRJoe Adams
26.9%
CDavid Molk
23.7%
OGKevin Zeitler
20.5%
KRTyler Lockett
15.4%
KRandy Bullock
9%

You're not logged in!

Compare scores with friends on all Sporcle quizzes.
Join for Free
OR
Log In

You Might Also Like...

Show Comments

Extras

Top Quizzes Today


Score Distribution

Your Account Isn't Verified!

In order to create a playlist on Sporcle, you need to verify the email address you used during registration. Go to your Sporcle Settings to finish the process.

Report this User

Report this user for behavior that violates our Community Guidelines.

Details: